| 000 | 00501cam a22001337a 4500 | ||
|---|---|---|---|
| 008 | 180718b-- xxu||||| |||| 00| 0 eng d | ||
| 082 | _aA45:Y26 N | ||
| 100 | _aIndia. Ministry of Non-Conventional Energy Sources | ||
| 245 |
_aAnnual report _cby Ministry of Non-Conventional Energy Sources |
||
| 246 | _aMinistry of Non-Conventional Energy Sources | ||
| 260 |
_aNew Delhi _bThe author _c-- |
||
| 500 | _aLibrary has 1987/88-1990/91, 1995/96-1997/98, 1999/2000-2009/10 | ||
| 650 | _aPower resources - India | ||
| 999 |
_c481656 _d481656 |
||